[Event "Amager Klubmesterskab 2010"]
[Site "Sundbyoster"]
[Date "2010.01.19"]
[Round "1"]
[White "Friis, Jordy"]
[Black "Varming, Thomas"]
[Result "1/2-1/2"]
[WhiteElo "1586"]
[BlackElo "1801"]
[PlyCount "42"]
[EventDate "2010.??.??"]

1. e4 d5 2. d4 c6 3. exd5 cxd5 4. Bd3 Nf6 5. c3 Qb6 6. Qc2 Nc6 7. Bf4 g6 8. Nd2
Bg7 9. Ngf3 Bg4 10. O-O Rc8 11. Qb3 Qxb3 12. axb3 O-O 13. Rfe1 Nh5 14. Be3 a5
15. h3 Bxf3 16. Nxf3 Ra8 17. Bb5 e6 18. Bd2 Nf6 19. Bf4 Ne4 20. Nd2 Nxd2 21.
Bxd2 Rfc8 1/2-1/2

[Event "Amager Klubmesterskab 2010"]
[Site "Sundbyoster"]
[Date "2010.01.19"]
[Round "1"]
[White "Herup, Charni"]
[Black "Larsen, Ulrik Jejlskov"]
[Result "1-0"]
[WhiteElo "1369"]
[BlackElo "1568"]
[PlyCount "43"]
[EventDate "2010.??.??"]

1. e4 d5 2. d4 dxe4 3. Nc3 e5 4. Qh5 exd4 5. Bc4 Qd7 6. Nb5 Bb4+ 7. c3 dxc3 8.
bxc3 Bd6 9. Nxd6+ cxd6 10. Ba3 Nf6 11. Qg5 O-O 12. Bb3 Re8 13. Ne2 d5 14. O-O
Nc6 15. Rad1 Re5 16. Qc1 b6 17. Bb2 Na5 18. c4 Nxb3 19. axb3 Ba6 20. Bxe5 Qe6
21. Bxf6 Qxf6 22. Rxd5 1-0

[Event "Amager Klubmesterskab 2010"]
[Site "Sundbyoster"]
[Date "2010.01.19"]
[Round "1"]
[White "Kokholm, Daniel"]
[Black "Jensen, Thore Nyboe"]
[Result "0-1"]
[WhiteElo "1848"]
[BlackElo "2039"]
[PlyCount "54"]
[EventDate "2010.??.??"]

1. d4 Nf6 2. Nc3 d5 3. e4 Nxe4 4. Nxe4 dxe4 5. Bc4 c5 6. d5 a6 7. a4 Nd7 8. Be3
Qb6 9. Bb3 Qc7 10. f3 g6 11. Qe2 Bg7 12. c3 Nf6 13. Rd1 O-O 14. Bg5 Bf5 15.
Bxf6 exf6 16. fxe4 Bxe4 17. Nf3 Bxf3 18. Qxf3 c4 19. Bc2 Rfe8+ 20. Kf1 Qb6 21.
Rb1 Rad8 22. Qf2 Qd6 23. Rd1 Re5 24. Qd4 Rde8 25. Qxc4 Qe7 26. Qh4 Rf5+ 27.
Bxf5 Qe2+ 0-1

[Event "Amager Klubmesterskab 2010"]
[Site "Sundbyoster"]
[Date "2010.01.19"]
[Round "1"]
[White "Lunding, Peter M"]
[Black "Justesen, Martin"]
[Result "1/2-1/2"]
[WhiteElo "1875"]
[BlackElo "1573"]
[PlyCount "51"]
[EventDate "2010.??.??"]

1. d4 Nf6 2. Nf3 d5 3. Bg5 Ne4 4. Bh4 c6 5. e3 Qa5+ 6. c3 Bf5 7. Nbd2 Nd7 8.
Nxe4 Bxe4 9. Nd2 Bg6 10. Be2 e6 11. O-O Bd6 12. f4 O-O 13. g4 f5 14. Bg3 c5 15.
Bd3 c4 16. Bc2 Nf6 17. g5 Bh5 18. Qe1 Ne4 19. Nf3 Bxf3 20. Rxf3 Qb5 21. Rb1 Qe8
22. Kg2 Qg6 23. h4 b5 24. Qe2 h5 25. Rff1 Qf7 26. Be1 1/2-1/2

[Event "Amager Klubmesterskab 2010"]
[Site "Sundbyoster"]
[Date "2010.01.19"]
[Round "1"]
[White "Madsen, Poul Henrik"]
[Black "Svensson, John Michael"]
[Result "1-0"]
[WhiteElo "2030"]
[BlackElo "1510"]
[PlyCount "33"]
[EventDate "2010.??.??"]

1. e4 d6 2. d4 Nf6 3. Nc3 g6 4. Be2 Bg7 5. h4 Bd7 6. h5 Qc8 7. h6 Bf8 8. Bg5
Nc6 9. Qd2 Qd8 10. f4 Bg4 11. Bxf6 Rg8 12. Bxg4 exf6 13. O-O-O f5 14. exf5 gxf5
15. Bxf5 Qf6 16. Bxh7 Rh8 17. Nd5 1-0

[Event "Amager Klubmesterskab 2010"]
[Site "Sundbyoster"]
[Date "2010.02.23"]
[Round "1"]
[White "Nielsen, Bjorn"]
[Black "Hansen, Benny"]
[Result "0-1"]
[WhiteElo "1000"]
[BlackElo "1290"]
[PlyCount "72"]
[EventDate "2010.??.??"]

1. d4 Nf6 2. e3 d5 3. Nc3 e6 4. Bd3 Bd7 5. Nf3 Be7 6. a3 c5 7. dxc5 Bxc5 8. O-O
Nc6 9. Na4 Bd6 10. h3 Qc7 11. Kh1 e5 12. Be2 e4 13. Nd2 Qc8 14. g4 Ne5 15. f4
Ng6 16. b3 b5 17. Nb2 Bc5 18. Nb1 O-O 19. Rg1 h6 20. b4 Bb6 21. f5 Ne5 22. a4
a6 23. a5 Bc7 24. Rg2 Rd8 25. c3 Nh7 26. Bf1 Ng5 27. Rg3 Nef3 28. Rxf3 Nxf3 29.
Bg2 Nh4 30. Qxd5 Bxf5 31. Qa2 Nxg2 32. Kxg2 Bxg4 33. Nd3 Bf3+ 34. Kf1 Qxh3+ 35.
Ke1 Bg3+ 36. Kd2 Qh2# 0-1

[Event "Amager Klubmesterskab 2010"]
[Site "Sundbyoster"]
[Date "2010.01.19"]
[Round "1"]
[White "Nielsen, Jens Holm"]
[Black "Brorsen, Jacob Abildlund"]
[Result "0-1"]
[WhiteElo "1754"]
[BlackElo "1991"]
[PlyCount "68"]
[EventDate "2010.??.??"]

1. Nc3 g6 2. b3 Bg7 3. Bb2 e5 4. e3 Nc6 5. f4 d6 6. fxe5 dxe5 7. Bb5 Nge7 8.
Qf3 O-O 9. O-O-O a6 10. Bxc6 Nxc6 11. Nge2 Bf5 12. e4 Be6 13. g4 Qd7 14. Rhg1
Rad8 15. d3 b5 16. Rdf1 Na5 17. Ba3 Rfe8 18. Nd1 Rc8 19. Ne3 Red8 20. Nf5 Bxf5
21. exf5 c5 22. Kb1 c4 23. dxc4 bxc4 24. Rd1 Qc7 25. Rxd8+ Qxd8 26. fxg6 hxg6
27. Nc1 e4 28. Qxe4 Qf6 29. c3 Qxc3 30. Rg2 Qa1+ 31. Kc2 cxb3+ 32. Kd1 b2 33.
Bxb2 Bxb2 34. Rc2 Rxc2 0-1

[Event "Amager Klubmesterskab 2010"]
[Site "Sundbyoster"]
[Date "2010.02.16"]
[Round "1"]
[White "Nielsen, John Holm"]
[Black "Sorensen, Johnny"]
[Result "1-0"]
[WhiteElo "2017"]
[BlackElo "1275"]
[PlyCount "41"]
[EventDate "2010.??.??"]

1. Nc3 Nf6 2. e4 d6 3. d4 g6 4. f4 Bg7 5. Nf3 Bg4 6. h3 Bxf3 7. Qxf3 c6 8. Be3
O-O 9. O-O-O e6 10. g4 Qc7 11. h4 Ne8 12. h5 Nd7 13. g5 Bh8 14. Qh3 Ng7 15.
hxg6 fxg6 16. Qxh7+ Kf7 17. Rh6 Rg8 18. Qxg6+ Kf8 19. Bc4 d5 20. Rdh1 Ke7 21.
Rxh8 1-0

[Event "Amager Klubmesterskab 2010"]
[Site "Sundbyoster"]
[Date "2010.01.19"]
[Round "1"]
[White "Nielsen, Mogens Bach"]
[Black "Johansen, Erik"]
[Result "1-0"]
[WhiteElo "1727"]
[BlackElo "1508"]
[PlyCount "143"]
[EventDate "2010.??.??"]

1. c4 c5 2. Nc3 Nf6 3. g3 Nc6 4. Bg2 d6 5. e3 e5 6. Nge2 Be7 7. d4 cxd4 8. exd4
O-O 9. d5 Nb4 10. a3 Na6 11. Qc2 Bd7 12. O-O Rc8 13. b3 b5 14. cxb5 Bxb5 15.
Bb2 Qb6 16. Rab1 Nc5 17. Nxb5 Qxb5 18. b4 Nd3 19. Qb3 Nxb2 20. Rxb2 Qc4 21. a4
e4 22. Rd1 Nd7 23. Qe3 Bf6 24. Rbb1 Qa6 25. a5 Ne5 26. Bxe4 Ng4 27. Qd3 Qxd3
28. Bxd3 Ne5 29. Ba6 Rc2 30. Nd4 Ra2 31. h3 h5 32. f4 Ng6 33. Bc4 Ra3 34. Kf2
h4 35. Rb3 hxg3+ 36. Kxg3 Bh4+ 37. Kf3 Ra2 38. Ne2 Re8 39. Rc3 Rb2 40. b5 Rb8
41. Rdc1 Bf6 42. R3c2 Rb4 43. Ng3 Bd8 44. a6 Nh4+ 45. Ke2 f5 46. Kd3 Bf6 47.
Nh5 Be7 48. Kc3 Ra4 49. Re1 Kf8 50. Nxg7 Bf6+ 51. Kb3 Rxa6 52. Ne6+ Kf7 53. Nc7
Rab6 54. Ra2 R6b7 55. Na6 Rd8 56. Nb4 Nf3 57. Rd1 Rdd7 58. Nc6 Nh4 59. Bd3 Ng6
60. Kc4 Nh4 61. Rf1 Rdc7 62. Ra5 Kf8 63. Rf2 Kf7 64. Rfa2 Ng6 65. Bxf5 Nxf4 66.
Rxa7 Nxd5 67. Rxb7 Ne3+ 68. Kd3 Rxb7 69. Kxe3 Rxb5 70. Ra7+ Kg8 71. Be6+ Kh8
72. Kf4 1-0

[Event "Amager Klubmesterskab 2010"]
[Site "Sundbyoster"]
[Date "2010.01.25"]
[Round "2"]
[White "Gade, Jens"]
[Black "Varming, Thomas"]
[Result "0-1"]
[WhiteElo "1520"]
[BlackElo "1801"]
[PlyCount "32"]
[EventDate "2010.??.??"]

1. f4 d5 2. Nf3 Nf6 3. e3 Bg4 4. Be2 Nbd7 5. b3 c6 6. Bb2 e6 7. O-O Qb6 8. Kh1
Ne4 9. Ne5 Bxe2 10. Qxe2 Ndf6 11. d3 Nd6 12. Nd2 h5 13. Ndf3 Ng4 14. Nxg4 hxg4
15. Ne5 Nf5 16. Nxg4 Ng3+ 0-1

[Event "Amager Klubmesterskab 2010"]
[Site "Sundbyoster"]
[Date "2010.01.25"]
[Round "2"]
[White "Hansen, Benny"]
[Black "Madsen, Poul Henrik"]
[Result "0-1"]
[WhiteElo "1290"]
[BlackElo "2030"]
[PlyCount "92"]
[EventDate "2010.??.??"]

1. e4 d6 2. d4 Nf6 3. Nd2 g6 4. Ngf3 Bg7 5. Be2 O-O 6. c3 Nh5 7. Nb3 Nc6 8. Be3
a5 9. a4 Qe8 10. Ng5 Nf6 11. Qc2 e5 12. h3 h6 13. Nf3 exd4 14. Nfxd4 Nxd4 15.
Nxd4 Qxe4 16. Bf3 Qe7 17. O-O-O c6 18. g4 Nd7 19. Be2 Nc5 20. Bf3 Be6 21. Nxe6
Qxe6 22. Bxc5 dxc5 23. Rhe1 Qf6 24. Be4 Rab8 25. f3 b5 26. Re3 b4 27. c4 Qf4
28. Qd2 Rfd8 29. Rd3 Qxd2+ 30. R1xd2 Rdc8 31. Rd6 Bh8 32. Kc2 Bf6 33. Kc1 Bg5
34. Kd1 Bxd2 35. Rxd2 Rd8 36. Rxd8+ Rxd8+ 37. Ke2 Rd6 38. b3 Kg7 39. h4 g5 40.
h5 Kf6 41. Bd3 Ke5 42. Ke3 Rd4 43. Ke2 Kf4 44. Be4 Rxe4+ 45. fxe4 Kxe4 46. Kf2
Kf4 0-1

[Event "Amager Klubmesterskab 2010"]
[Site "Sundbyoster"]
[Date "2010.01.25"]
[Round "2"]
[White "Jensen, Thore Nyboe"]
[Black "Nielsen, Mogens Bach"]
[Result "1/2-1/2"]
[WhiteElo "2039"]
[BlackElo "1727"]
[PlyCount "49"]
[EventDate "2010.??.??"]

1. e4 c6 2. d4 d5 3. Nc3 dxe4 4. Nxe4 Bf5 5. Ng3 Bg6 6. h4 h6 7. h5 Bh7 8. Nf3
Nd7 9. Bd3 Bxd3 10. Qxd3 Qc7 11. c4 e6 12. O-O Ngf6 13. Qe2 Bd6 14. Nf5 O-O-O
15. Nxd6+ Qxd6 16. Ne5 Rhf8 17. Nxd7 Rxd7 18. Be3 a6 19. Rfd1 Rfd8 20. Rd3 e5
21. Rad1 exd4 22. Rxd4 Qe6 23. Rxd7 Rxd7 24. Rxd7 Nxd7 25. b3 1/2-1/2

[Event "Amager Klubmesterskab 2010"]
[Site "Sundbyoster"]
[Date "2010.01.25"]
[Round "2"]
[White "Johansen, Erik"]
[Black "Kokholm, Daniel"]
[Result "0-1"]
[WhiteElo "1508"]
[BlackElo "1848"]
[PlyCount "62"]
[EventDate "2010.??.??"]

1. e4 Nc6 2. d4 e5 3. d5 Nce7 4. Bg5 h6 5. Bh4 g5 6. Bg3 Ng6 7. Nf3 Qe7 8. Nc3
a6 9. Qd3 d6 10. h3 h5 11. O-O-O Nh6 12. h4 g4 13. Nd2 Bg7 14. Ne2 f5 15. exf5
Bxf5 16. Ne4 O-O 17. N2c3 b5 18. a3 Rfb8 19. Ne2 b4 20. a4 b3 21. c3 Qe8 22.
Kd2 Qxa4 23. f3 a5 24. Bh2 Ne7 25. N2g3 Bg6 26. Be2 Nhf5 27. Ke1 Nxh4 28. Kf1
Rf8 29. Qe3 gxf3 30. gxf3 Rf4 31. Kg1 Raf8 0-1

[Event "Amager Klubmesterskab 2010"]
[Site "Sundbyoster"]
[Date "2010.01.25"]
[Round "2"]
[White "Justesen, Martin"]
[Black "Sorensen, Johnny"]
[Result "1-0"]
[WhiteElo "1573"]
[BlackElo "1275"]
[PlyCount "45"]
[EventDate "2010.??.??"]

1. e4 d6 2. d4 Nf6 3. Nc3 g6 4. Nf3 Bg7 5. Bc4 O-O 6. Bg5 Nbd7 7. O-O c6 8. Re1
Qc7 9. h3 e5 10. dxe5 dxe5 11. Qd2 b5 12. Bd3 Bb7 13. Bh6 Rad8 14. Bxg7 Kxg7
15. Qg5 Rfe8 16. Nh4 Kh8 17. Re3 Re6 18. Rg3 Nh5 19. Rf3 Nc5 20. Rxf7 Qxf7 21.
Qxd8+ Re8 22. Qd6 Nxd3 23. Qxd3 1-0

[Event "Amager Klubmesterskab 2010"]
[Site "Sundbyoster"]
[Date "2010.02.16"]
[Round "2"]
[White "Larsen, Kim"]
[Black "Friis, Jordy"]
[Result "1/2-1/2"]
[WhiteElo "1571"]
[BlackElo "1586"]
[PlyCount "25"]
[EventDate "2010.??.??"]

1. d4 Nf6 2. Bf4 e6 3. e3 b6 4. Be2 Bb7 5. Bf3 d5 6. Nd2 Be7 7. Ne2 Nbd7 8. c3
c5 9. Rc1 O-O 10. O-O Rc8 11. b3 cxd4 12. cxd4 a6 13. Rxc8 1/2-1/2

[Event "Amager Klubmesterskab 2010"]
[Site "Sundbyoster"]
[Date "2010.01.25"]
[Round "2"]
[White "Larsen, Ulrik Jejlskov"]
[Black "Nielsen, Jens Holm"]
[Result "1/2-1/2"]
[WhiteElo "1568"]
[BlackElo "1754"]
[PlyCount "84"]
[EventDate "2010.??.??"]

1. d4 f5 2. Bg5 Nf6 3. Bxf6 exf6 4. c4 d5 5. e3 Bb4+ 6. Nc3 O-O 7. Qb3 Bxc3+ 8.
bxc3 c6 9. cxd5 cxd5 10. Nh3 g5 11. g3 Na6 12. Bg2 Nc7 13. O-O f4 14. Kh1 f3
15. Bxf3 Bxh3 16. Rfc1 Kg7 17. c4 Be6 18. cxd5 Bxd5 19. Rxc7+ Qxc7 20. Bxd5
Rab8 21. Be6 Rfd8 22. d5 Rd6 23. Qa3 b5 24. Rc1 Qb6 25. Qd3 Rbd8 26. Qe2 Rxd5
27. Bxd5 Rxd5 28. Qc2 a5 29. Qc8 Qd6 30. Qb7+ Kg6 31. Kg2 Rc5 32. Qe4+ Kh6 33.
Rxc5 Qxc5 34. h4 gxh4 35. Qxh4+ Kg6 36. Qe4+ Qf5 37. Qe8+ Kh6 38. Qf8+ Kh5 39.
Qf7+ Kh6 40. Qf8+ Kg6 41. Qg8+ Kh6 42. Qf8+ Kg6 1/2-1/2

[Event "Amager Klubmesterskab 2010"]
[Site "Sundbyoster"]
[Date "2010.02.19"]
[Round "2"]
[White "Lunding, Peter M"]
[Black "Nielsen, John Holm"]
[Result "1/2-1/2"]
[WhiteElo "1875"]
[BlackElo "2017"]
[PlyCount "23"]
[EventDate "2010.??.??"]

1. d4 d5 2. Nf3 Nf6 3. Bg5 e6 4. Nbd2 Be7 5. e3 Nbd7 6. Bd3 h6 7. Bh4 c6 8. c3
Qc7 9. Qe2 O-O 10. e4 dxe4 11. Nxe4 Nd5 12. Bxe7 1/2-1/2

[Event "Amager Klubmesterskab 2010"]
[Site "Sundbyoster"]
[Date "2010.01.25"]
[Round "2"]
[White "Svensson, John Michael"]
[Black "Nielsen, Bjorn"]
[Result "1/2-1/2"]
[WhiteElo "1510"]
[BlackElo "1000"]
[PlyCount "140"]
[EventDate "2010.??.??"]

1. d4 d5 2. Nf3 Nf6 3. c4 c6 4. e3 Bg4 5. cxd5 Qxd5 6. Be2 Bxf3 7. Bxf3 Qd8 8.
Nc3 e6 9. O-O Bd6 10. e4 e5 11. d5 O-O 12. Bg5 Be7 13. Bxf6 Bxf6 14. Qb3 Qb6
15. Qxb6 axb6 16. d6 Nd7 17. Rfd1 Rfd8 18. a3 g6 19. b4 b5 20. a4 bxa4 21. Rxa4
b5 22. Rxa8 Rxa8 23. Bg4 Nb6 24. g3 Nc4 25. Bd7 Rd8 26. Bxc6 Rxd6 27. Bxb5
Rxd1+ 28. Nxd1 Nd6 29. Bc6 Bd8 30. Nc3 Bb6 31. Nd5 Bd8 32. f3 f6 33. b5 Nc8 34.
Kf1 Kf7 35. Ke2 Ke6 36. Kd3 Kd6 37. Kc4 Nb6+ 38. Nxb6 Bxb6 39. g4 g5 40. h3 h6
41. Kb4 Bc7 42. Bd5 Bd8 43. Bc6 Bb6 44. Kc4 Bc5 45. Kb3 Bb6 46. Kb4 Bc7 47. Kc4
Ba5 48. Ba8 Bb6 49. Bb7 Bc5 50. Bc8 Bb6 51. Bf5 Bc5 52. Bg6 Bb6 53. Kb4 Bc7 54.
Be8 Bb6 55. Bf7 Bc7 56. Bd5 Bb6 57. Ba8 Bc7 58. Bb7 Bb6 59. Bd5 Bc7 60. Bc6 Bb6
61. Be8 Bc7 62. Bf7 Bb6 63. Kc4 Bc7 64. Be6 Bb6 65. Bc8 Bc7 66. Be6 Kxe6 67.
Kc5 Ba5 68. Kc6 Bd8 69. b6 Bxb6 70. Kxb6 Kd6 1/2-1/2

[Event "Amager Klubmesterskab 2010"]
[Site "Sundbyoster"]
[Date "2010.02.09"]
[Round "3"]
[White "Brorsen, Jacob Abildlund"]
[Black "Jensen, Thore Nyboe"]
[Result "1/2-1/2"]
[WhiteElo "1991"]
[BlackElo "2039"]
[PlyCount "75"]
[EventDate "2010.??.??"]

1. c4 Nf6 2. Nc3 g6 3. d4 Bg7 4. e4 d6 5. Nf3 O-O 6. Be2 e5 7. dxe5 dxe5 8. Bg5
c6 9. O-O Qe7 10. Qa4 Na6 11. Rab1 Nc5 12. Qc2 Bg4 13. b4 Ne6 14. Be3 Nh5 15.
h3 Bxf3 16. Bxf3 Nhf4 17. Ne2 Nxe2+ 18. Bxe2 Rfd8 19. Rfd1 Rxd1+ 20. Qxd1 Rd8
21. Qa4 a6 22. b5 axb5 23. cxb5 Nd4 24. Bc4 c5 25. Qa7 h6 26. a4 Rd7 27. Kh1
Bf8 28. Bd5 Kg7 29. a5 Qd6 30. Bxb7 c4 31. Qa8 c3 32. Bd5 Rd8 33. Qb7 Rd7 34.
Qa8 Rd8 35. Qa6 c2 36. Rc1 Qb4 37. Qb7 Be7 38. Bxd4 1/2-1/2

[Event "Amager Klubmesterskab 2010"]
[Site "Sundbyoster"]
[Date "2010.02.17"]
[Round "3"]
[White "Friis, Jordy"]
[Black "Nielsen, John Holm"]
[Result "0-1"]
[WhiteElo "1586"]
[BlackElo "2017"]
[PlyCount "72"]
[EventDate "2010.??.??"]

1. d4 d5 2. c4 c6 3. cxd5 cxd5 4. Nc3 Nf6 5. Bf4 e6 6. Nf3 Nc6 7. e3 Bb4 8. Bd3
O-O 9. O-O h6 10. a3 Bd6 11. Bxd6 Qxd6 12. b4 a6 13. Na4 e5 14. dxe5 Nxe5 15.
Nxe5 Qxe5 16. Be2 Bd7 17. Nb6 Rad8 18. Nxd7 Rxd7 19. Re1 Rc8 20. Rc1 Rxc1 21.
Qxc1 Rc7 22. Qd2 Ne4 23. Qd4 Qxd4 24. exd4 Rc2 25. f3 Nd6 26. Bf1 Rd2 27. Re7
Rc2 28. Rd7 Rc6 29. Bd3 Kf8 30. Rd8+ Ke7 31. Rg8 g6 32. a4 Rc3 33. Be2 Rb3 34.
Rb8 Rxb4 35. Bxa6 Rxa4 36. Bb5 Rxd4 0-1

[Event "Amager Klubmesterskab 2010"]
[Site "Sundbyoster"]
[Date "2010.02.09"]
[Round "3"]
[White "Johansen, Erik"]
[Black "Larsen, Ulrik Jejlskov"]
[Result "1-0"]
[WhiteElo "1508"]
[BlackElo "1568"]
[PlyCount "77"]
[EventDate "2010.??.??"]

1. e4 d5 2. exd5 Qxd5 3. Nc3 Qa5 4. d4 Nf6 5. Bd2 c6 6. Nf3 Bf5 7. Bc4 e6 8.
O-O Qc7 9. Ne5 Nbd7 10. f4 Nxe5 11. fxe5 Nd5 12. Ne2 O-O-O 13. c3 f6 14. Bxd5
Rxd5 15. Nf4 Rd7 16. exf6 gxf6 17. Qb3 Bh6 18. Rf2 Qd6 19. Re1 e5 20. Nh5 Bxd2
21. Rxd2 Be6 22. Qc2 Bf7 23. Qf5 Bxh5 24. Qxh5 Rg8 25. Qf3 Qe6 26. Rf2 Qxa2 27.
dxe5 fxe5 28. Qf5 Rgd8 29. Qxe5 Rd1 30. Qf5+ Kb8 31. Qe5+ Ka8 32. b4 Qb3 33. h3
a6 34. Rxd1 Rxd1+ 35. Kh2 Rd3 36. Rf8+ Ka7 37. Qc5+ b6 38. Qxc6 Qd5 39. Ra8#
1-0

[Event "Amager Klubmesterskab 2010"]
[Site "Sundbyoster"]
[Date "2010.02.09"]
[Round "3"]
[White "Justesen, Martin"]
[Black "Herup, Charni"]
[Result "1/2-1/2"]
[WhiteElo "1573"]
[BlackElo "1369"]
[PlyCount "76"]
[EventDate "2010.??.??"]

1. e4 Nc6 2. d4 e5 3. d5 Nce7 4. Bd3 Ng6 5. Nc3 a6 6. Nf3 Bc5 7. h4 d6 8. h5
N6e7 9. Bg5 Nf6 10. h6 Ng4 11. hxg7 Rg8 12. Rxh7 f6 13. Bh4 Ng6 14. Bg3 Qe7 15.
Qd2 Bd7 16. O-O-O Rxg7 17. Rxg7 Qxg7 18. Rh1 O-O-O 19. Nd1 Rh8 20. Rxh8+ Qxh8
21. Qe1 Qh5 22. Be2 f5 23. exf5 Bxf5 24. Nd2 Qg5 25. Bxg4 Qxg4 26. Ne3 Bxe3 27.
Qxe3 Qa4 28. Qb3 Qg4 29. Qf3 Qg5 30. Qe3 Qh5 31. Qe1 Ne7 32. c4 Qh7 33. f3 Bd3
34. b3 c6 35. dxc6 Nxc6 36. Ne4 Kc7 37. Kd2 Bxe4 38. fxe4 Qg6 1/2-1/2

[Event "Amager Klubmesterskab 2010"]
[Site "Sundbyoster"]
[Date "2010.02.09"]
[Round "3"]
[White "Larsen, Kim"]
[Black "Lunding, Peter M"]
[Result "1/2-1/2"]
[WhiteElo "1571"]
[BlackElo "1875"]
[PlyCount "100"]
[EventDate "2010.??.??"]

1. c4 e6 2. Nc3 d5 3. cxd5 exd5 4. d4 Nf6 5. Bg5 Nbd7 6. e3 c6 7. Bd3 Be7 8.
Nge2 h6 9. Bh4 O-O 10. O-O Re8 11. Rc1 Ne4 12. Bg3 Nxg3 13. Nxg3 Nf6 14. Qc2
Bf8 15. Bf5 Bxf5 16. Qxf5 g6 17. Qd3 Bd6 18. Rce1 Qd7 19. e4 Bxg3 20. hxg3 dxe4
21. Nxe4 Nxe4 22. Rxe4 Rxe4 23. Qxe4 Rd8 24. Rd1 Qd5 25. Qxd5 Rxd5 26. Kf1 c5
27. Ke2 cxd4 28. Kd3 Rd6 29. Kc4 Rc6+ 30. Kb3 Rb6+ 31. Kc2 Rd6 32. Rd2 Kf8 33.
Kd3 Ke7 34. Kc4 Rc6+ 35. Kxd4 Rd6+ 36. Kc3 Rxd2 37. Kxd2 Kd6 38. Kd3 Kd5 39. g4
f6 40. f3 Ke5 41. Ke3 g5 42. g3 f5 43. gxf5 Kxf5 44. g4+ Ke5 45. Ke2 Kd4 46.
Kd2 b5 47. a3 a5 48. b3 a4 49. b4 Kc4 50. Kc2 Kd4 1/2-1/2

[Event "Amager Klubmesterskab 2010"]
[Site "Sundbyoster"]
[Date "2010.02.16"]
[Round "3"]
[White "Nielsen, Jens Holm"]
[Black "Nielsen, Bjorn"]
[Result "1-0"]
[WhiteElo "1754"]
[BlackElo "1000"]
[PlyCount "127"]
[EventDate "2010.??.??"]

1. e4 e5 2. Nf3 Nc6 3. Bc4 Bc5 4. O-O Nf6 5. d3 h6 6. c3 O-O 7. b4 Bb6 8. Qb3
d6 9. h3 Qe7 10. a4 a6 11. Re1 Be6 12. Bxe6 fxe6 13. Nbd2 a5 14. Nc4 Ba7 15. b5
Nd8 16. Ba3 Nf7 17. b6 Bxb6 18. Nxb6 cxb6 19. Qxb6 Rfd8 20. Rab1 Rd7 21. Rb5
Ra6 22. Qe3 Nh8 23. Nxe5 Rc7 24. c4 Qd8 25. Nf3 Ng6 26. Reb1 Qd7 27. Qd2 Ne5
28. Ne1 Nc6 29. Nc2 Na7 30. Rxa5 Rxa5 31. Qxa5 Nc6 32. Qc3 e5 33. Qb3 Na5 34.
Qb5 Nc6 35. Nb4 Ne8 36. Nd5 Nd4 37. Qxd7 Rxd7 38. f3 Kf7 39. Kf2 g5 40. h4 Kg6
41. Rh1 Ne6 42. hxg5 Kxg5 43. Bc1+ Nf4 44. g3 Rf7 45. gxf4+ Kg6 46. fxe5 Rh7
47. Nf4+ Kf7 48. e6+ Kg8 49. Rg1+ Kf8 50. Ng6+ Kg7 51. Bb2+ Kg8 52. f4 Ng7 53.
f5 h5 54. Bxg7 Kxg7 55. Nh4+ Kf6 56. d4 b6 57. Rg6+ Ke7 58. d5 Kf8 59. f6 Rc7
60. Rh6 Kg8 61. Ng6 Rh7 62. Rxh7 Kxh7 63. f7 Kxg6 64. f8=Q 1-0

[Event "Amager Klubmesterskab 2010"]
[Site "Sundbyoster"]
[Date "2010.02.16"]
[Round "3"]
[White "Nielsen, Mogens Bach"]
[Black "Madsen, Poul Henrik"]
[Result "0-1"]
[WhiteElo "1727"]
[BlackElo "2030"]
[PlyCount "48"]
[EventDate "2010.??.??"]

1. e4 d5 2. Nc3 d4 3. Nce2 c5 4. Ng3 Nc6 5. Nf3 h5 6. h4 Bg4 7. Be2 e5 8. Ng5
Bxe2 9. Qxe2 g6 10. d3 Qb6 11. b3 Nh6 12. Nf1 O-O-O 13. a3 Re8 14. Nd2 f6 15.
Nc4 Qd8 16. Nh3 Kb8 17. Bd2 Ka8 18. O-O-O b5 19. Nb2 Rh7 20. f4 Ng4 21. Nf2 Ne3
22. Bxe3 dxe3 23. Qxe3 exf4 24. Qxf4 Bh6 0-1

[Event "Amager Klubmesterskab 2010"]
[Site "Sundbyoster"]
[Date "2010.02.09"]
[Round "3"]
[White "Sorensen, Johnny"]
[Black "Kokholm, Daniel"]
[Result "0-1"]
[WhiteElo "1275"]
[BlackElo "1848"]
[PlyCount "32"]
[EventDate "2010.??.??"]

1. d4 e5 2. c4 Nc6 3. e3 Nf6 4. Nc3 Bb4 5. a3 Bxc3+ 6. bxc3 O-O 7. f3 d5 8. Qc2
Re8 9. e4 exd4 10. Bd3 dxe4 11. fxe4 Nxe4 12. Ne2 Qh4+ 13. g3 Nxg3 14. Bxh7+
Kh8 15. Bf5 Qh5 16. Bd2 Qxe2# 0-1

[Event "Amager Klubmesterskab 2010"]
[Site "Sundbyoster"]
[Date "2010.02.23"]
[Round "3"]
[White "Svensson, John Michael"]
[Black "Gade, Jens"]
[Result "1-0"]
[WhiteElo "1510"]
[BlackElo "1520"]
[PlyCount "105"]
[EventDate "2010.??.??"]

1. d4 d5 2. Nf3 Nf6 3. Bf4 e6 4. Nbd2 c5 5. e3 Nc6 6. c3 c4 7. Qc2 g6 8. b3 b5
9. bxc4 bxc4 10. Rb1 Bg7 11. e4 O-O 12. e5 Nd7 13. h4 h6 14. Be2 f5 15. Nf1 Kf7
16. Ne3 Ba6 17. g4 Nb6 18. gxf5 gxf5 19. Kd2 Ne7 20. Rbg1 Rg8 21. h5 Qd7 22.
Nh4 Qa4 23. Qxa4 Nxa4 24. Bf3 Nb2 25. Ng6 Nd3 26. Nxe7 Kxe7 27. Bg3 f4 28. Bh4+
Kf7 29. Nc2 Rab8 30. Rb1 Rb2 31. Rxb2 Nxb2 32. Rb1 Rb8 33. Na3 Bf8 34. Nc2 Rb6
35. Bd8 Rb7 36. Bh4 Nd3 37. Rxb7+ Bxb7 38. a3 a6 39. Be2 Nb2 40. Bd8 Bc6 41.
Nb4 Bb5 42. Nc2 Nd3 43. Bh4 Be7 44. Bxe7 Kxe7 45. Bxd3 cxd3 46. Nb4 Kd7 47.
Nxd3 Bxd3 48. Kxd3 Kc6 49. c4 dxc4+ 50. Kxc4 f3 51. a4 a5 52. Kd3 Kd5 53. Ke3
1-0

[Event "Amager Klubmesterskab 2010"]
[Site "Sundbyoster"]
[Date "2010.03.10"]
[Round "3"]
[White "Varming, Thomas"]
[Black "Hansen, Benny"]
[Result "1-0"]
[WhiteElo "1801"]
[BlackElo "1290"]
[PlyCount "67"]
[EventDate "2010.??.??"]

1. d4 Nf6 2. Nf3 g6 3. Bf4 d6 4. e3 Bg7 5. c3 a6 6. Nbd2 b5 7. a4 Bb7 8. axb5
axb5 9. Bxb5+ c6 10. Rxa8 Bxa8 11. Ba4 Nbd7 12. O-O O-O 13. Qc2 c5 14. Re1 cxd4
15. exd4 Nb6 16. Bb3 Nbd5 17. Bg3 Re8 18. h3 Qd7 19. Ng5 Nh5 20. Bh2 h6 21.
Nge4 Kh8 22. Qb1 Nhf4 23. Bxf4 Nxf4 24. Bxf7 Rf8 25. Qa2 Nxh3+ 26. gxh3 Qxh3
27. Qe6 Qh4 28. Re3 Bxe4 29. Nxe4 Qf4 30. Bxg6 Ra8 31. Bf5 Ra1+ 32. Kg2 Ra8 33.
Qg6 Kg8 34. Rg3 1-0

[Event "Amager Klubmesterskab 2010"]
[Site "Sundbyoster"]
[Date "2010.03.02"]
[Round "4"]
[White "Hansen, Benny"]
[Black "Nielsen, Mogens Bach"]
[Result "0-1"]
[WhiteElo "1290"]
[BlackElo "1727"]
[PlyCount "56"]
[EventDate "2010.??.??"]

1. e4 c5 2. Nf3 e6 3. d4 cxd4 4. Nxd4 Nc6 5. Be3 Qc7 6. Nc3 a6 7. Be2 Bd6 8. g3
Be7 9. Qd2 b5 10. f4 Bb7 11. Rf1 d6 12. Bf3 Nf6 13. O-O-O Nd7 14. Bh5 g6 15.
Bf3 Na5 16. Nb3 Nc4 17. Qd4 Bf6 18. e5 dxe5 19. fxe5 Bxe5 20. Qd3 Bxf3 21. Rxf3
Nxe3 22. Qxe3 Bxc3 23. bxc3 Rc8 24. Qd4 Ne5 25. Rdf1 O-O 26. Re3 Nc4 27. Ref3
Qe7 28. Kd1 Rcd8 0-1

[Event "Amager Klubmesterskab 2010"]
[Site "Sundbyoster"]
[Date "2010.03.02"]
[Round "4"]
[White "Herup, Charni"]
[Black "Jensen, Thore Nyboe"]
[Result "0-1"]
[WhiteElo "1369"]
[BlackElo "2039"]
[PlyCount "50"]
[EventDate "2010.??.??"]

1. d4 Nf6 2. Nc3 d5 3. e4 Nxe4 4. Nxe4 dxe4 5. Bc4 c5 6. Qh5 e6 7. d5 Qf6 8. c3
Be7 9. Be3 O-O 10. O-O-O Rd8 11. Nh3 Qf5 12. Qxf5 exf5 13. Bg5 Bxg5+ 14. Nxg5
Rd6 15. Rhe1 Nd7 16. Bb3 h6 17. Nh3 Nf6 18. f3 b5 19. c4 bxc4 20. Bxc4 Bb7 21.
fxe4 fxe4 22. Nf2 Re8 23. Bb5 Re7 24. Bc6 Bxc6 25. dxc6 Rxc6 0-1